| 000 | 00669nam a2200229 a 4500 | ||
|---|---|---|---|
| 001 | 022103 | ||
| 003 | BD-ChCU | ||
| 005 | 20230204161530.0 | ||
| 008 | Ben | ||
| 020 | _a | ||
| 040 |
_aDLC _cDLC _dBD-ChCU |
||
| 082 | 0 | 0 | _a১৮১.০৭/হুদা৬মু |
| 100 | 1 |
_aহুদা, এম _b- |
|
| 245 | 1 | 0 |
_aমুসলিম দর্শনের মূলতত্ত্ব _b- |
| 250 | _a- | ||
| 260 |
_aঢাকা _bইউরেকা বুক হাউস _c১৯৮৮ |
||
| 300 | _a১৩৯পৃ: | ||
| 504 | _a- Biblio- | ||
| 650 | 0 |
_aদর্শন, মুসলিম _bদর্শন |
|
| 700 | 1 | _a- | |
| 942 |
_2ddc _cBK |
||
| 999 |
_c22103 _d22103 |
||